Premier League Appearances by Nationality: Poland - Statistics

General Stats
  • This quiz has been taken 22 times
  • The average score is 6 of 10
Answer Stats
Appearances Player % Correct
390 Lukasz Fabianski
95%
132 Wojciech Szczesny
89%
194 Matty Cash
74%
44 Jakub Kiwior
63%
214 Jan Bednarek
63%
127 Jerzy Dudek
53%
61 Jakub Moder
37%
63 Tomasz Kuszczak
32%
128 Artur Boruc
26%
82 Mateusz Klich
26%
No matching quizzes found
Score Distribution
Percent of People with Each Score
Percentile by Number Answered
Your Score History
You have not taken this quiz